02527nam a2200421uu 4500001000800000005001700008007001000025008004100035035001200076040001300088041000800101080000900109082000800118100004600126245009800172260003500270300001300305520115300318650002001471650003501491650001701526650003401543650003801577650001901615650002601634650006101660650008901721650002701810650002501837650002101862650003901883650002601922700004501948700004601993700004602039502001202085526000802097135089520260508084432.0co|||||||131121s2013 spa  a1350895 ccomduadb aspa aT/CD 4a15510aPiedrahita Muñoz, Willer Joan4auteaut10aInfluencia de las redes sociales de internet en la construcción de la identidad adolescente aMedellín :bAutor(a),c2013. a1 CD-ROM3 aEl presente trabajo se realiza con el objetivo de identificar y comprender como se da la construcción de la identidad adolescente en edades entre 12 y 15 años frente al uso de las redes sociales de internet. El trabajo se realizó como una investigación cualitativa con un enfoque histórico hermenéutico, tomando en cuenta la etnografía virtual para la observación directa de los procesos que se llevan a cabo en las redes sociales de internet; para la recolección de información se hizo uso de la encuesta y el taller reflexivo. El grupo de estudio fueron los estudiantes del grado séptimo de la Institución Educativa Tulio Ospina, Sede Francisco José de Caldas, de la ciudad de Medellín, donde inicialmente se realizó una encuesta a 17 adolescentes y posteriormente se hizo la aplicación de un taller a 30 de los alumnos, los cuales hacían parte del curso, todos estos en un rango de edad de 1 -15 años. La presentación de los resultados se realizó mediante un análisis metodológico, en el cual se encuentra el análisis de la encuesta y del taller, análisis categorial y clasificación adolescente. 7aIdentidad2lemb 7aIdentidad (Psicología)2lemb aAdolescencia aAdolescencia y psicopatologia 7aRedes sociales en Internet2embne 0aRedes sociales aIdentidades virtuales 0aTecnologías de la información y de la comunicación aTecnología de la información y la comunicación (TIC) - Aspectos psicológicos aUso de la tecnología aInternet y jóvenes 7aInternet2armarc 7aPsicología del adolescente2lemb aIdentidades juveniles10aAgudelo López, Leidy Julieth4auteaut10aPérez Torres, Maura Alejandra4auteaut10aLotero Castañeda, Juan Carlos4thseths b105c12 a106